00805 2200253 4500001002100000005001500021035002000036007000300056008004100059020001800100082000800118084001400126100002900140245005400169300003000223700003800253520011100291600001800402264004100420336002100461337003000482338002300512990001600535INLIS00000000000003920260423092312 a0010-0426000038ta260423 e 1 eng  a9781846276842 a895 a895 MUR c0 aMurata SayakaePengarang1 aConvenience store women /cPenulis, Murata Sayaka a163 :bIlustrasi ;c20 cm0 aGinny Tapley TakemoriePenerjemah aBut Keiko knows makes her happu and she's not going to let anyone take her away from her convenience store 4aFiksi Inggris aLondon :bGranta Publications,c2019 2rdacontentaTeks 2rdamediaaTanpa Perantara 2rdacarrieraVolume aPP000089/25